| 000 | 00556nam a2200181Ia 4500 | ||
|---|---|---|---|
| 003 | GCL | ||
| 008 | 140319s9999 xx 000 0 ara d | ||
| 040 |
_aGCL / _cGCL |
||
| 082 | 0 | 4 |
_a216 _bش ا |
| 100 | 1 | _aشوقى ابوخليل | |
| 245 | 1 | 0 |
_aاضواء على مواقف الستشرقين والمبشرين / _cشوقى ابوخليل |
| 260 |
_a[S.N] : _bمنشورات جمعية الدعوة ، _c1991 |
||
| 300 | _a263 ص | ||
| 490 | _a | ||
| 650 | 0 | 4 | _aدفع المطاعن عن الاسلام |
| 650 | 0 | 4 | _aالقران |
| 942 |
_2ddc _cBK |
||
| 999 |
_c54367 _d54367 |
||